Estudio de soluciones tecnológicas para la administración y monitoreo de la infraestructura IT
Presenta la comparación de distintas soluciones de software para el soporte de las actividades administración, monitoreo y notificación de eventos correspondientes al departamento Infraestructura Tecnológica de Información (IT por sus siglas en inglés Information Tecnology) de las empresas, el...
| Main Authors: | , , |
|---|---|
| Other Authors: | |
| Format: | Tesis Section = Libro |
| Language: | Undetermined Spanish |
| Published: |
Managua
UNI
2010
|
| Subjects: |
| LEADER | 01385nam a2200265Ia 4500 | ||
|---|---|---|---|
| 008 | 240830s9999 xx 000 0 und d | ||
| 040 | |a BIBLIOTECA-RUSB/ T.Mon 005.3 D259 | ||
| 041 | |a spa | ||
| 082 | |a T.Mon 005.3 D259 | ||
| 100 | 1 | |a Dávila Leiva, Lisseth de los Ángeles | |
| 100 | 1 | |b Nidome Rocha, Kenyi Gabriel | |
| 100 | 1 | |c Ortega Toledo, Allan Alberto | |
| 245 | 1 | 0 | |a Estudio de soluciones tecnológicas para la administración y monitoreo de la infraestructura IT |
| 260 | |a Managua |b UNI |c 2010 | ||
| 300 | |a 70 p. :il. | ||
| 502 | |a Tesis (Ingeniero en Computación e Ingeniero Electrónico) - UNI, 2010. | ||
| 520 | 3 | |a Presenta la comparación de distintas soluciones de software para el soporte de las actividades administración, monitoreo y notificación de eventos correspondientes al departamento Infraestructura Tecnológica de Información (IT por sus siglas en inglés Information Tecnology) de las empresas, el abordaje del tema se ha logrado a través del análisis comparativo de 5 sistemas comerciales disponibles que cumplan con el perfil antes mencionado. | |
| 650 | 7 | |a PROGRAMACIÓN COMPUTADORES ELECTRÓNICOS - ADMINISTRACIÓN | |
| 650 | 7 | |b PROGRAMA PARA COMPUTADOR | |
| 650 | 7 | |c SOFTWARE | |
| 650 | 7 | |d TECNOLOGÍA DE LA INFORMACIÓN | |
| 700 | 1 | |a Tutor: |b Quintana Bonilla, Marisela | |
| 942 | |c BK |2 ddc | ||
| 991 | |a TESIS | ||
| 999 | |c 21596 | ||